Présidents des conseils régionaux français - Statistiques

Statistiques générales
  • Ce quiz a été pris 27 fois
  • Le résultat moyen est 8 sur 17
Statistiques - réponses
Par images Hint Réponse % Correct
Auvergne-Rhône-Alpes Laurent Wauquiez
95%
Île-de-France Valérie Pécresse
95%
Hauts-de-France Xavier Bertrand
91%
Normandie Hervé Morin
73%
Occitanie Carole Delga
68%
Provence-Alpes-Côte-d'Azur Renaud Muselier
68%
Bourgogne-Franche-Comté Marie-Guite Dufay
45%
Grand Est Jean Rottner
41%
Nouvelle-Aquitaine Alain Rousset
36%
Conseil exécutif de Corse Gilles Simeoni
36%
Bretagne Loïg Chesnais-Girard
32%
Centre-Val de Loire François Bonneau
27%
Pays de la Loire Christelle Morançais
23%
La Réunion Huguette Bello
23%
Guadeloupe Ary Chalus
18%
Conseil exécutif de Martinique Serge Letchimy
18%
Guyane Gabriel Serville
14%
Aucun quiz correspondant
Distribution des résultats
% des personnes avec chaque résultat
Percentile par nombre de réponses
Votre historique - résultats
Vous n’avez pas pris ce quiz